000 02047cam a22004694i 4500
003 PE-LiUPU
005 20250731173005.0
008 150623s r 000 0 d
020 _a080280635X
035 _a(Sirsi) i9780802806352
040 _aPE-LiUPU
_bspa
_cPE-LiUPU
_erda
049 _aPRUA
082 0 4 _a200.15
_bA88
_221
100 1 _aAune, David E.,
_eautor.
245 1 0 _aProphecy in early christianity and the ancient mediterranean world /
_cDavid E. Aune.
264 1 _aGrand Rapids, Michigan :
_bWilliam B. Eerdmans Publishing Company,
_c1991.
300 _a522 páginas ;
_c23 centímetros
336 _atext
_2rdacontent
337 _aunmediated
_2rdamedia
338 _avolume
_2rdacarrier
504 _aIncluye bibliografía.
505 0 _aThe Estudy of Early Christian Prophecy.- Greco-Roman Prophecy: Oracular Places and Persons.- The Form and Function of Greco-Roman Oracles.- Ancient Israelite Prophecy.- Prophecy in Early Judaism.- The propheticRole of Jesus.- The Prophecies of Jesus.- The Character of Early Christian Prophecy.- Christian Prophets and the Sayings of Jesus.- The Form and Content of Early Christian Prophecy.- The Form and Content of Early Christian Prophecy.- The Basic Features of Early Christian Prophetic Speech.
526 _aSEG42
526 _aSEG41
526 _aSEG40
526 _aSEG39
526 _aP94
526 _aP87
526 _aP86
526 _aP85
526 _aP77
526 _aP76
526 _aP35
650 0 4 _aProfecía
_xCristianismo
_xHistoria de las doctrinas
_yIglesia primitiva, ca. 30-600.
650 0 4 _aProfecía
_xHistoria.
942 _2ddc
_cBOOK
949 _a200.15 A88
_wDEWEY
_c1
_i45659
_lCCODEBUL1
_mBUL
_r0
_sY
_tBOOK
_u2015-6-24
_xTEOLOGIA
_PP35
_0COMPRA
_o.STAFF. Colección General
994 _aC0
_bPEPRU
596 _a1
999 _a200.15 A88
_wDEWEY
_c22535
_i45659
_f2021-11-9
_g5
_lCCODEBUL1
_mBUL
_r0
_sY
_tBOOK
_u2015-6-24
_xTEOLOGIA
_PP35
_0COMPRA
_o.STAFF. Colección General
_d22535
980 _81
_gALBERTO SANCHEZ Responsable de Automatización